Online
Catalog
Normal view MARC view

Entry Nombre personal

Number of records used in: 1

001 - NÚMERO DE CONTROL

  • campo de control: 84385

003 - IDENTIFICADOR DEL NÚMERO DE CONTROL

  • campo de control: BNPHU

005 - FECHA Y HORA DE LA ÚLTIMA TRANSACCIÓN

  • campo de control: 20240305134713.0

008 - DATOS DE LONGITUD FIJA

  • campo de control de longitud fija: 231004|| aca||aabn | a|a d

010 ## - NÚMERO DE CONTROL DE LA BIBLIOTECA DEL CONGRESO

  • Número de control de LC: n 80166026

040 ## - FUENTE DE LA CATALOGACIÓN

  • Centro catalogador/agencia de origen: DO-SdBNP
  • Lengua de catalogación: spa
  • Centro/agencia transcriptor: BNPHU
  • Normas de descripción: rda

100 1# - ENCABEZAMIENTO-NOMBRE DE PERSONA

  • Nombre de persona: Rivera, Luis Eduardo,
  • Fechas asociadas al nombre: 1949-

370 ## - LUGAR ASOCIADO

  • Lugar de nacimiento: Guatemala
  • Lugar de residencia/sede: Paris (Francia)
  • Período de inicio: 1979

374 ## - OCUPACIÓN

  • Ocupación: Poeta
  • Ocupación: Escritor

375 ## - GÉNERO/SEXO

  • Género/Sexo: Masculino

377 ## - LENGUA/LENGUAJE ASOCIADO

  • Código del idioma: spa

670 ## - FUENTE DE DATOS ENCONTRADOS

  • Cita de la fuente: Work cat.: (DO-SdBNP)55080: Poesía de Luis Cardoza y Argón.

670 ## - FUENTE DE DATOS ENCONTRADOS

  • Cita de la fuente: Servicios ejemplares, 1978

670 ## - FUENTE DE DATOS ENCONTRADOS

  • Cita de la fuente: Tierra adentro, 2017

Powered by Koha